Religion and Health: (Record no. 149978)
[ view plain ]
| 000 -LEADER | |
|---|---|
| fixed length control field | 00685nam a22001937a 4500 |
| 005 - DATE AND TIME OF LATEST TRANSACTION | |
| control field | 20180216122049.0 |
| 010 ## - LCCN (DPL NO) | |
| LC control number | ENG-122283 |
| 020 ## - INTERNATIONAL STANDARD BOOK NUMBER | |
| International Standard Book Number | 9788183877428 |
| Terms of availability | 1950.00 |
| 035 ## - SYSTEM CONTROL NUMBER | |
| System control number | EN-105815 |
| 037 ## - SOURCE OF ACQUISITION | |
| Source of stock number/acquisition | DBAD/PUB |
| 082 ## - DEWEY DECIMAL CLASSIFICATION NUMBER | |
| Classification number | 201.661 |
| 100 ## - MAIN ENTRY--PERSONAL NAME | |
| Personal name | Kaur, Gurinder |
| 245 ## - TITLE STATEMENT | |
| Title | Religion and Health: |
| Statement of responsibility, etc | by Gurinder kaur |
| Remainder of title | narratives on faith healing / |
| 260 ## - PUBLICATION, DISTRIBUTION, ETC. (IMPRINT) | |
| Place of publication, distribution, etc | New Delhi |
| Name of publisher, distributor, etc | Serials Publications |
| Date of publication, distribution, etc | 2016 |
| 270 ## - ADDRESS | |
| Address | 4830/24, Prahlad Street, Ansari Road Daryaganj |
| City | New Delhi |
| Postal code | 110002 |
| Telephone number | 23245225 |
| Electronic mail address | serials@mail.com |
| Fax number | 911123272135 |
| 300 ## - PHYSICAL DESCRIPTION | |
| Extent | ix, 541p. |
| Dimensions | 22cm(hbk) |
| 500 ## - GENERAL NOTE | |
| General note | It includes bibliographical references and index |
| 942 ## - ADDED ENTRY ELEMENTS (KOHA) | |
| Source of classification or shelving scheme | Dewey Decimal Classification |
| Item type | English Books |
| Classification part | 201.661 |
| Call number suffix | KAU |
| Withdrawn status | Lost status | Not for loan | Collection code | Home library | Current library | Date acquired | Source of acquisition | Cost, normal purchase price | Full call number | Barcode | Copy number | Cost, replacement price | Koha item type |
|---|---|---|---|---|---|---|---|---|---|---|---|---|---|
| Not For Loan | Non-fiction | D.B.Act.Division | Bawana | 16/02/2018 | DBAD/PUB | 1950.00 | 201.661 KAU | EN-105815 | 1 | 1950.00 | English Books |
